(NEW) 13-0 Dominations - Statistics

General Stats
  • This quiz has been taken 145 times
    103 since last reset
  • The average score is 16 of 22
Answer Stats
Event Stage / Match Scoreline Winning Team Losing Team % Correct
VCT 2025: Americas Stage 2 Group Stage — Week 2 13-0 Sentinels FURIA
91%
VCT 2024: Pacific Stage 1 Playoffs — Knockout Round 13-0 Paper Rex TALON Esports
89%
VCT 2023: Americas League Regular Season — Week 4 13-0 LOUD Evil Geniuses
88%
VCT 2025: China Kickoff Main Event — Lower Round 3 13-0 EDward Gaming Xi Lai Gaming
84%
VCT 2025: China Kickoff Main Event — Lower Round 4 13-0 EDward Gaming Dragon Ranger Gaming
84%
FURIA
84%
VCT 2021: Stage 3 Masters Berlin Semifinals 13-0 Gambit Esports G2 Esports
82%
VCT 2021: Champions Group Stage 13-0 Gambit Esports Team Secret
82%
VCT 2024: Pacific Stage 2 Regular Season — Week 1 13-0 DRX ZETA DIVISION
79%
Evil Geniuses
77%
Fnatic
77%
G2 Esports
72%
TALON Esports
69%
ZETA DIVISION
64%
100 Thieves
63%
VCT 2025: EMEA Stage 1 Group Stage — Week 3 13-0 Natus Vincere GIANTX
62%
Dragon Ranger Gaming
60%
VCT 2022: Stage 1 EMEA Challengers Upper Final 13-0 FunPlus Phoenix Fnatic
58%
GIANTX
53%
VCT 2022: Stage 1 NA Challengers Group Stage — Week 2 13-0 The Guard 100 Thieves
53%
Xi Lai Gaming
53%
Team Secret
49%
No matching quizzes found
Score Distribution
Percent of People with Each Score
Percentile by Number Answered
Your Score History
You have not taken this quiz since the last reset